<?xml version="1.0" encoding="UTF-8"?>
<collection xmlns="http://www.loc.gov/MARC21/slim">
 <record>
  <leader>00869nrm a22001695g 4500</leader>
  <controlfield tag="001">CEM.cems019285</controlfield>
  <controlfield tag="008">130507b201?##################0###0#####d</controlfield>
  <controlfield tag="005">20220830110311.0</controlfield>
  <controlfield tag="003">CEMS</controlfield>
  <datafield tag="245" ind1="0" ind2="0">
   <subfield code="a">La información [juego] /</subfield>
   <subfield code="c">Bontus.</subfield>
  </datafield>
  <datafield tag="260" ind1=" " ind2=" ">
   <subfield code="a">Argentina :</subfield>
   <subfield code="b">Bontus,</subfield>
   <subfield code="c">[201?]</subfield>
  </datafield>
  <datafield tag="300" ind1=" " ind2=" ">
   <subfield code="a">1 juego (336 cartas con preguntas: 37 cartas información y 5 desafí­o color naranja, 37 cartas información y 5 desafí­o color azul, 12 fichas categoría sociedad y espectáculo, 12 deportes y variedades, 12 ciencia y naturaleza, 12 polí­tica y economí­a) ; en caja 14 x 19 x 7 cm. + manual de instrucciones.</subfield>
  </datafield>
  <datafield tag="490" ind1="J" ind2="u">
   <subfield code="g">Los diarios / Bontus</subfield>
  </datafield>
  <datafield tag="500" ind1=" " ind2=" ">
   <subfield code="a">Para 2 a 10 jugadores adultos objetivo:responder las preguntas solos o con una fuente</subfield>
  </datafield>
  <datafield tag="082" ind1="0" ind2="4">
   <subfield code="a">J793.73</subfield>
  </datafield>
  <datafield tag="653" ind1=" " ind2=" ">
   <subfield code="a">1. juegos de preguntas y respuestas</subfield>
  </datafield>
  <datafield tag="859" ind1=" " ind2=" ">
   <subfield code="a">CEMS</subfield>
   <subfield code="b">BIB. CEMS - Ludoteca</subfield>
   <subfield code="h">J793.73</subfield>
   <subfield code="i">B639</subfield>
   <subfield code="p">404.12</subfield>
   <subfield code="t">Ej.1</subfield>
  </datafield>
 </record>
</collection>
